000 01466nam0a22003491 4500
001 RU\INFOCOMM_322\NLR\5000130298
005 20250613105327.0
035 _a(NLR Aleph) 009525875
090 _a8856486
_c8856486
100 _a20130109d1967 |||y0rusy50 ca
101 1 _aeng
_crus
102 _aRU
105 _aa z |||||
200 1 _aOn the shortrange repulsion in the NN-scattering
_fBy V. I. Lendyel [and] V. V. Serebryakov
_g[Transl. from the Russ. by N. Chernova]
_gUSSR Acad. of sciences. Siberian division. Inst. for mathematics
_gАкад. наук СССР. Сиб. отд-ние. Ин-т математики
210 _aНовосибирск
_d1967
215 _a7, [5] с.
_cграф.
_d22 см
300 _a"Preprint ТФ-40"
300 _aВ вып. дан.: В. И. Лендлей [!], В. В. Серебряков. Коротковолновое отталкивание в NN-рассеянии
309 _aОтпеч. множит. аппаратом
320 _aБиблиогр.: с. [2]
686 _aФз-125
_2rubbk
686 _aˆ[‰В319,0]
_2rubbk
700 1 _9z05790
_9z07790
_aLend'el
_bV. I.
_gVladimir Ivanovič
701 1 _9z06790
_aSerebrjakov
_bV. V.
790 1 _9z05700
_aLendyel
_bV. I.
_4070
790 1 _9z06701
_aSerebryakov
_bV. V.
_4070
790 1 _9z07700
_aLendlej
_bV. I.
_4070
801 1 _aRU
_bInfocomm
_c20130109
801 0 _aRU
_bINFOCOMM
_gPSBO
852 _aNLR
_jФз01 Д-6/15
942 _cBOOK
980 _aNB